000 00707nam a2200253 i 4500
001 C2-0224343
003 PPAK
005 20180728152907.0
008 000403s1977 enka|||| ||||| | eng d
020 _a0713126272
040 _aPPAK
_beng
_cPPAK
_erda
082 0 4 _a574.87322
_223
090 0 0 _a574.87322
_bREE
_dKSA
700 1 _aJones, R.N.,
_eauthor
100 1 _aRees, H. ,
_eauthor
245 1 0 _aChromosome genetics
264 1 _aLondon :
_bEdward Arnold ,
_c1977
300 _aviii, 151 pages :
_billustrations ;
_c21 cm
336 _2rdacontent
_atext
337 _2rdamedia
_aunmediated
338 _2rdacarrier
_avolume
650 1 0 _aChromosome ; Genetic recombination
942 _ddc
_cB
999 _c145268
_d145268